Um beijo para o Pai Natal (Registo nº 4008)

Detalhes MARC
000 -Etiqueta do registo
Cabeçalho 00688nam0a2200229 4500
005 - Identificador da versão
Campo de controlo 20240813122050.0
010 ## - Número internacional normalizado dos livros (ISBN)
Número (ISBN) 9727122329
100 ## - Dados gerais de processamento
Dados gerais de processamento 20170112d2001 a y0pory5003 ba
102 ## - Pais de publicação ou produção
País de publicação Portugal
101 1# - Língua de publicação
Língua do texto, banda sonora, etc. Português
Língua do documento no original Francês
215 ## - Descrição física 
Indicação específica da natureza do documento e extensão da espécie [28] p.
Outras indicações físicas il. color
200 1# - Titulo e menção de responsabilidade
Título próprio Um beijo para o Pai Natal
Primeira menção de responsabilidade Elisabeth Coudol
Outras menções de responsabilidade il. Nancy Pierret
210 ## - Publicação, Distribuição, etc. 
Lugar da edição, distribuição, etc. Vila Nova de Gaia
Nome do editor, distribuidor, etc. Nova Gaia
Data da publicação, distribuição, etc. cop. 2001
606 ## - Nome comum usado como assunto
Número de registo de entrada de autoridade 0001472
Palavra de ordem Literatura belga em língua francesa
Subdivisão de assunto Conto
Código do sistema CA
675 ## - Classificação Decimal Universal (CDU)
Notação 821.133.1(493)-34
Edição 3ª ed.
Língua da edição por
702 #1 - Nome de autor-pessoa física (responsabilidade secundária)
Número de registo de entrada de autoridade 0000487
Palavra de ordem Pierret
Outra parte do nome não tomada para palavra de ordem Nancy
Código de função Ilustrador / Técnico de desenho computorizado
700 #1 - Nome de autor-pessoa física (responsabilidade principal)
Número de registo de entrada de autoridade 0000486
Palavra de ordem Coudol
Outra parte do nome não tomada para palavra de ordem Elisabeth
966 ## - Identificação da Biblioteca
Sigla EBVEN
942 ## - Elementos de entrada adicionados (Koha)
Tipo de item no Koha Livro
Exemplares
Situação do levantamento Origin of item (home branch) (coded) Biblioteca de empréstimo Código de barras Cota Circulation type (not for loan) Tipo de documento Nota do exemplar Damaged status
  Biblioteca Escolar das Vendas Biblioteca Escolar das Vendas BEV909 8EST COU   Livro Sem mensagem